<?xml version="1.0" encoding="UTF-8"?>
<collection xmlns="http://www.loc.gov/MARC21/slim">
 <record>
  <leader>01377nam a2200193Ia 4500</leader>
  <controlfield tag="001">CTU_220836</controlfield>
  <controlfield tag="008">210402s9999    xx            000 0 und d</controlfield>
  <datafield tag="020" ind1=" " ind2=" ">
   <subfield code="c">38000</subfield>
  </datafield>
  <datafield tag="082" ind1=" " ind2=" ">
   <subfield code="a">895.922434</subfield>
  </datafield>
  <datafield tag="082" ind1=" " ind2=" ">
   <subfield code="b">G561/T.8</subfield>
  </datafield>
  <datafield tag="245" ind1=" " ind2="0">
   <subfield code="a">Gương sáng học đường</subfield>
  </datafield>
  <datafield tag="245" ind1=" " ind2="0">
   <subfield code="c">Lê Thanh Sử, Thúy Hằng (Tuyển chọn, biên soạn)</subfield>
  </datafield>
  <datafield tag="260" ind1=" " ind2=" ">
   <subfield code="a">Hà Nội</subfield>
  </datafield>
  <datafield tag="260" ind1=" " ind2=" ">
   <subfield code="b">Giáo dục</subfield>
  </datafield>
  <datafield tag="260" ind1=" " ind2=" ">
   <subfield code="c">2015</subfield>
  </datafield>
  <datafield tag="520" ind1=" " ind2=" ">
   <subfield code="a">Cuốn sách này giới thiệu những tấm gương sáng điển hình của học sinh, sinh viên các trường phổ thông và đại học Việt Nam, có khả năng rọi sáng thôi thúc độc giả là học sinh - sinh viên vươn lên trong học tập, chiếm lĩnh tri thức khoa học, xuwsng đáng là con ngoan, trò giỏi, công dân điển hình của đất nước. Sách bao gồm có ba nội dung chính: Tấm gương học sinh nghèo vượt khó, tấm gương sáng của những học sinh giỏi tích cực tham gia công tác đoàn thể, tấm gương của sinh viên say sưa học tập nghên cứu khoa học...</subfield>
  </datafield>
  <datafield tag="650" ind1=" " ind2=" ">
   <subfield code="a">Short stories, Vietnamese,Truyện ngắn Việt Nam</subfield>
  </datafield>
  <datafield tag="904" ind1=" " ind2=" ">
   <subfield code="i">Phan Lâm Vũ Anh, Trúc</subfield>
  </datafield>
  <datafield tag="980" ind1=" " ind2=" ">
   <subfield code="a">Trung tâm Học liệu Trường Đại học Cần Thơ</subfield>
  </datafield>
 </record>
</collection>
